[Event "Pays de Loire-chT"]
[Site "Cholet"]
[Date "2009.??.??"]
[Round "6"]
[White "Chassaing, Matthieu"]
[Black "Maruejols, Paul"]
[Result "0-1"]
[WhiteElo "1440"]
[BlackElo "1710"]
[PlyCount "60"]
[EventDate "2009.06.??"]
[EventType "team-tourn"]
[EventRounds "6"]
[EventCountry "FRA"]
[SourceTitle "EXT 2010"]
[Source "ChessBase"]
[SourceDate "2010.11.25"]
[SourceVersion "1"]
[SourceVersionDate "2010.11.25"]
[SourceQuality "1"]

1. e4 c5 2. Nf3 Nc6 3. c3 Nf6 4. e5 Nd5 5. d4 e6 6. Be2 Be7 7. 0-0 0-0 8. Nbd2 a6 9. Bc4 Nb6 10. Bb3 Na5 11. Bc2 c4 12. Ne4 Nd5 13. Neg5 g6 14. Ne4 b5 15. Bh6 Re8 16. Nfg5 f5 17. Qf3 Nb7 18. g4 Bf8 19. Bxf8 Rxf8 20. Qh3 Qe7 21. Nf6+ Nxf6 22. exf6 Rxf6 23. Rae1 d6 24. gxf5 Nd8 25. Be4 Ra7 26. Bd5 Rxf5 27. Bxe6+ Nxe6 28. Nxe6 Bxe6 29. d5 Rg5+ 30. Kh1 Bxh3 0-1